000 00284nam a2200109Ia 4500
008 190216s9999||||xx |||||||||||||| ||und||
100 _a"Banerjee, Nair R.K & 
 Agarwal"
245 0 _aProduction And Operations Management
260 _bNull
_c2002
300 _a369p
942 _cBK
999 _c6152
_d6152